| 000 | 00417nam a2200193Ia 4500 | ||
|---|---|---|---|
| 003 | IT-RoPAU | ||
| 008 | 120407s9999 xx 000 0 und d | ||
| 040 | _aIT-RoPAU | ||
| 040 | _cIT-RoPAU | ||
| 100 | _aLouis Pirot | ||
| 245 | _aLa Sainte Bible | ||
| 250 | _aParis | ||
| 260 | _aLetouzey | ||
| 300 | _c cm | ||
| 490 | _v3 | ||
| 600 | _auna copia del x° vol in più | ||
| 700 | _aAlbert Clamer | ||
| 942 | _cBK | ||
| 999 |
_c7646 _d7646 |
||